书目信息 |
| 书名: | Information Technology for Management | |
| 作者: | Turban,Efraim. | |
| 分册号: | ||
| 分册名: | 出版地: | New York : |
|
| 出版社: | J. Wiley | |
| 出版时间: | 1999. | |
| 页数: | 791 p. ; | |
| 开本: | 26cm. | |
| 丛书名: | ||
| 中图分类号: | ||
| 科图分类号: | ||
| 其他分类号: | C931.6 | |
| 主题词: | ||
| 电子资源: | ||
| 000 | 00449nam 2200145 a 4500 | |
| 001 | E0456215323 | |
| 005 | 2004122315365508 | |
| 008 | 041223s1999 00010 eng | |
| 020 | @a0-471-17898-5 :@cCNY 12.00. | |
| 040 | @aPFT@beng | |
| 090 | @aC931.6 | |
| 099 | @dC931.6@eT931 | |
| 245 | @aInformation Technology for Management :@bMaking Connections for Strategic Advantage / @cTurban,Efraim. | |
| 260 | @aNew York :@bJ. Wiley,@c1999. | |
| 300 | @a791 p. ;@c26cm. | |
| Information Technology for Management : : Making Connections for Strategic Advantage / / Turban,Efraim.-New York : : J. Wiley, , 1999. |
| 791 p. ; ; 26cm. |
| ISBN 0-471-17898-5 :CNY 12.00. |
| ● |
| 相关链接 |
|
|
|
正题名:Information Technology for Management
索取号:C931.6/T931
 
预约/预借
| 序号 | 登录号 | 条形码 | 馆藏地/架位号 | 状态 | 备注 |
| 1 | 05089 | 300050897 | 社科库509/509社科库 132排2列1层/ [索取号:C931.6/T931] | 在馆 | |
| 2 | 05090 | 300050904 | 社科库509/509社科库 132排2列1层/ [索取号:C931.6/T931] | 在馆 |